000 00571nam a2200217Ia 4500
001 11651
003 GE_BSU
008 181216s||||||||xx |||||||||||||| ||und||
020 _a00166758.
040 _cGE_BSU
245 _aГенетика.Том 49,№7. 2014
245 _bЕжемесячный журнал.
245 _cгл. ред. С.В.Шестаков,идр.
260 _aмосква.
260 _bнаука.
260 _c2014
300 _a880 ст,28см.
653 _aГенетика.
653 _aპერიოდიკა
942 _cCR
999 _c44837
_d44837